[Event "Budapest FS03 GM"]
[Site "Budapest"]
[Date "1996.??.??"]
[Round "6"]
[White "Kogan, Artur"]
[Black "Dao, Thien Hai"]
[Result "0-1"]
[WhiteElo "2485"]
[BlackElo "2560"]
[Annotator "Ftacnik,L"]
[PlyCount "76"]
[EventDate "1996.03.??"]
[EventType "tourn"]
[EventRounds "13"]
[EventCountry "HUN"]
[EventCategory "9"]
[SourceTitle "CBM 053"]
[Source "ChessBase"]
[SourceDate "1996.08.01"]
[SourceVersion "1"]
[SourceVersionDate "1996.08.01"]
[SourceQuality "1"]

1. d4 d5 2. c4 e6 3. Nc3 c6 4. Bf4 dxc4 5. e3 b5 6. a4 Qb6 (6... Nf6 7. axb5
cxb5 8. Nxb5 (8. Qf3 Nd5 9. Bxb8 Rxb8 10. Rxa7 Be7 11. Qg3 Qb6 12. Qxg7 Qxa7
13. Qxh8+ Kd7 14. Qxh7 Nxc3 15. bxc3 Qa1+ 16. Ke2 Ra8 17. Nh3 Bb7 18. e4 Qxc3 {
0-1 Neiman,E-Hughs,G/Hastings op9495 (07)/1995/}) 8... Bb4+ 9. Nc3 Nd5 10. Nge2
(10. Rc1 O-O 11. Bxc4 Nxf4 12. exf4 Bb7 13. Nf3 Qc7 14. Ne5 Nc6 15. Bd3 Nxd4
16. Bxh7+ Kxh7 17. Qxd4 Bxg2 18. Rg1 Qb7 19. f3 Rad8 20. Qe3 f6 21. Rxg2 fxe5
22. Qxe5 {1/2-1/2 Marin,M-Kuijf,M/Sitges op (09)/1992/}) (10. Qc2 Bb7 (10...
Nxf4 $142 11. Qa4+ Nc6 12. Qxc6+ Bd7 13. Qxc4 Nd5 $44) 11. Nh3 (11. Bg3 $5)
11... Nxf4 $1 12. Nxf4 Bd6 13. Bxc4 Bxf4 14. Qa4+ $6 (14. exf4 Qxd4 15. Ne2 Qb6
$10) 14... Nd7 $1 15. exf4 O-O $17 {1/2-1/2 Christiansen,L-Nogueiras,J/Dubai
olm/1986/ (41)}) 10... Nc6 11. Bg3 O-O 12. Qc2 f5 13. Rd1 Qa5 14. Rc1 Ba6 15.
Nf4 {1/2-1/2 Miles,A-Ribli,Z/BL 8586/1986/}) (6... b4 7. Ne4 (7. Nb1 Ba6 (7...
Qd5 8. Nd2 c3 $13) 8. Nf3 Nf6 9. Bxb8 Rxb8 10. Nbd2 c5 11. Bxc4 Bxc4 12. Nxc4
Rc8 13. Rc1 Be7 14. O-O O-O 15. Nce5 Ne4 16. Qd3 Qd5 17. Qa6 Rc7 18. Rfd1 Qa8
19. Nd3 Rfc8 20. dxc5 Bxc5 {Finegold,B-Mueller,Ka/BL 8990/1990/0-1 (58)}) 7...
Qd5 (7... Ba6 8. Qc1 (8. Rc1 Qd5 9. f3 f5 10. Ng5 Nf6 11. Bxb8 Rxb8 12. b3 c5
13. Bxc4 Bxc4 14. Rxc4 cxd4 15. Qxd4 Qxd4 16. exd4 Bd6 17. Nxe6 Kf7 18. Ng5+
Kg6 19. N5h3 Rhc8 20. Ne2 Rxc4 21. bxc4 b3 22. Kd2 {1-0 Serebrjanik,A-Rodin,M/
Moscow op Russian Winter/1991/ (34)}) 8... Qd5 9. Nd2 c3 10. bxc3 Bxf1 11. Kxf1
a5 12. e4 Qd8 13. Ngf3 Na6 14. h3 Nf6 15. c4 Be7 16. Kg1 O-O 17. Kh2 c5 18. d5
Nh5 19. Be5 f6 20. Bb2 e5 21. Ne1 Nf4 22. Qd1 Qd7 23. Nb3 f5 {1/2-1/2 Gomez
Esteban,J-Cruz Lopez,C/Ermua (08)/1990/ (29)}) 8. f3 Ba6 9. Nd6+ Bxd6 10. e4
Qa5 (10... Bxf4 $5 11. exd5 cxd5 12. Kf2 {/\ Ne2+/=}) 11. Bxd6 Nd7 12. Qd2 c3
13. bxc3 bxc3 14. Qc2 Bxf1 (14... c5 $1 15. Bxa6 Qxa6 16. dxc5 Rc8 17. Ne2 Nxc5
18. Rd1 Nf6 19. O-O Rc6 $10) 15. Kxf1 Nb6 16. Kf2 Rd8 17. Bc5 Nf6 18. Ne2 Nfd7
19. Ba3 e5 (19... Qxa4 $6 20. Qxc3 Qc4 21. Qd2 $40) 20. Rhd1 Nc4 21. Qxc3 Qxc3
22. Nxc3 Nxa3 23. Rxa3 {Kortschnoj,V-Pinter,J/Reggio Emilia/1987/1-0 (54)}) (
6... Bb4) 7. Qf3 (7. axb5 cxb5 8. b3 Bb4 9. Nge2 cxb3 10. Qxb3 Nc6 $17) (7. Be2
Nf6 8. Bf3 Bb7 9. a5 Qa6 10. Bg5 Nbd7 11. Bxf6 Nxf6 12. Be2 Bb4 13. Kf1 O-O 14.
Nf3 Rad8 15. Qb1 c5 16. dxc5 Qc6 17. a6 Ba8 18. Rg1 Qxc5 19. g4 Bxf3 20. Bxf3
Rd2 21. Qc1 Rfd8 22. Ne2 Qe5 23. Rb1 Ne4 24. Kg2 Ng5 25. Nd4 Qxe3 {0-1 Ragozin,
E-Sherbakov,R/St.Petersburg op (03)/1995/}) 7... Nf6 (7... bxa4 $5 8. Nge2 Bb4
$1 (8... Qxb2 9. Rb1 $16) (8... Nf6 9. Nxa4 {/\ Nec3+/-}) 9. Qg3 Ne7 $8 10. e4
$2 (10. Qxg7 Rg8 11. Qxh7 c5 $5 $13) 10... Nd7 11. Rxa4 c5 12. f3 O-O 13. Bc7
Qc6 14. Ra1 f5 15. Qd6 fxe4 16. fxe4 cxd4 17. Qxb4 dxc3 18. Nxc3 Qxc7 19. Qxe7
Qb6 20. Nd1 Nc5 {0-1 Murrey,J-Sveshnikov,E/Moscow7 op/1991/ (27)}) (7... Bb7 8.
a5 Qa6 9. Qg3 Nd7 10. Be2 Ngf6 11. Nh3 Bb4 12. O-O O-O 13. Bh6 Ne8 14. Bf4 c5
15. Rfd1 Ndf6 16. Bf3 Rd8 17. Be5 cxd4 18. Rxd4 Rxd4 19. exd4 Bxf3 20. Qxf3 Be7
21. Ng5 h6 22. Nge4 b4 23. Ne2 Nxe4 24. Qxe4 Nf6 25. Qf3 Nd5 {1/2-1/2 Finegold,
B-Bagirov,V/Amsterdam OHRA-B/1989/ (37)}) (7... Qa5 8. Qd1 Qb4 9. axb5 Qxb2 10.
Qc1 Ba3 11. Na2 Qxc1+ 12. Nxc1 Bb4+ 13. Kd1 cxb5 14. Rb1 a5 15. Bxb8 Rxb8 16.
Na2 Bd6 17. Nc3 Bd7 18. Ne4 Bb4 19. Nf3 Nf6 20. Nxf6+ gxf6 {0-1 Adamski,
J-Tomaszewski,R/POL-ch/1987/}) 8. axb5 Bb7 9. Bxc4 (9. Bxb8 Rxb8 10. Qg3 Rd8
11. Bxc4 a6 12. Bd3 cxb5 13. Nf3 $14) 9... cxb5 10. Bxb5+ Nbd7 11. Qh3 (11. Qg3
Ne4 12. Nxe4 (12. Bxd7+ Kxd7 13. Nxe4 Qxb2 14. Rd1 Bxe4 15. Nf3 Bc2 $17) 12...
Qxb5 13. Nd2 Bb4 $132) 11... Bb4 12. Bxd7+ (12. Be2 Bxc3+ 13. bxc3 Qb2 14. Rd1
Qxc3+ 15. Kf1 O-O $17) 12... Nxd7 13. Nge2 Bxc3+ 14. bxc3 Qb2 15. Rd1 (15. Rc1
Ba6 16. Qf3 O-O 17. e4 e5 18. dxe5 Rad8 19. Qe3 Nc5 20. O-O Qxe2 21. Qxc5 Qxe4
$17) 15... O-O 16. Rd2 (16. Qg3 Ba6 17. Rd2 Qb1+ 18. Rd1 Qb5 19. Qf3 Nb6) 16...
Qb1+ 17. Rd1 Qb5 18. Qg3 Ba6 19. Qf3 (19. Rd2 Nf6 20. Bh6 Ne8 (20... g6 21. Qf3
$18) 21. Bf4) 19... Nb6 20. e4 (20. Ng3 Na4 $17) 20... Na4 21. Rc1 (21. Qe3
Qxe2+ 22. Qxe2 Bxe2 23. Kxe2 Nxc3+ $19) 21... Qc4 22. Kd2 f6 23. Bd6 (23. Rhe1
e5 24. Bg3 Rfd8 $17) 23... Rfd8 24. Bb4 $2 (24. e5 $5 Rac8 25. Be7 Nxc3 26.
Bxd8 (26. Rxc3 Qa2+ 27. Ke1 Bxe2 28. Qe3 Rxc3 29. Qxc3 Ba6 $19) 26... Qa2+ 27.
Ke1 Bxe2 28. Qe3 Nd5 29. Rxc8 Nxe3 $19) 24... e5 25. Qe3 (25. Ra1 exd4 26. Rxa4
dxc3+ 27. Kc1 (27. Kc2 Rd3 28. Qf5 Rd2+ 29. Kc1 Qb3 $19) 27... Bb5 28. Qxc3
Rac8 29. Qxc4+ Rxc4+ $19) (25. d5 f5 26. Qe3 fxe4 27. d6 Qd5+ 28. Ke1 Nb2 $17)
25... exd4 26. Nxd4 Rxd4+ $1 27. cxd4 (27. Qxd4 Qe2#) 27... Qxb4+ 28. Rc3 (28.
Kd1 Nb2+ 29. Kc2 Rc8+ 30. Kb1 Nd3+ 31. Ka2 Qb2#) (28. Kc2 Rc8+ 29. Kd1 Nb2#)
28... Rc8 29. Rhc1 Rxc3 30. Rxc3 Qxc3+ 31. Qxc3 Nxc3 32. Kxc3 Bf1 33. g3 (33.
Kb4 Bxg2 34. e5 fxe5 35. dxe5 Kf7 $19) 33... a5 34. f4 Kf7 35. d5 Bg2 36. Kd4
a4 37. e5 fxe5+ 38. fxe5 a3 (38... a3 39. e6+ Ke7 40. Kc3 Bxd5 $19) 0-1

[Event "Women-Veterans"]
[Site "Prague"]
[Date "1995.??.??"]
[Round "9"]
[White "Hort, Vlastimil"]
[Black "Ioseliani, Nana"]
[Result "1-0"]
[WhiteElo "2560"]
[BlackElo "2475"]
[Annotator "Ftacnik,L"]
[PlyCount "63"]
[EventDate "1995.07.??"]
[EventType "schev"]
[EventRounds "5"]
[EventCountry "CZE"]
[SourceTitle "CBM 048"]
[Source "ChessBase"]
[SourceDate "1995.10.01"]
[SourceVersion "1"]
[SourceVersionDate "1995.10.01"]
[SourceQuality "1"]

1. c4 e6 2. Nc3 d5 3. d4 Be7 4. cxd5 exd5 5. Bf4 c6 6. e3 Bf5 7. g4 Be6 8. Bg2
$5 (8. Bd3 h5 (8... Nd7 9. h3 h5 10. gxh5 (10. Qf3 g5 11. Bg3 Ndf6 12. gxh5
Nxh5 13. Nge2 Nxg3 14. Nxg3 Qd7 15. Nf5 Bf8 16. Rg1 f6 17. O-O-O Ne7 18. Nxe7
Bxe7 19. Bg6+ Kd8 20. e4 Rxh3 21. Qe2 Bb4 $36 {Markotic,G-Geller,E/Cappelle op
(08)/1993/0-1 (35)}) 10... Ndf6 11. h6 Nxh6 12. Qc2 Qd7 13. Nf3 Bf5 14. Ne5
Bxd3 15. Nxd3 Bd6 16. Be5 Qe7 17. O-O-O Nf5 18. Kb1 Ne4 19. Na4 f6 20. Bxd6
Nexd6 21. Nac5 b6 22. Nf4 bxc5 23. dxc5 Ne4 24. Ng6 Qf7 25. Nxh8 $16 {Lputian,
S-Geller,E/URS-ch/1985/1-0 (35)}) 9. gxh5 Qb6 10. Qc2 Rxh5 11. Nge2 Na6 12. a3
Qa5 13. Kd2 c5 14. b4 cxb4 15. axb4 Qb6 16. Bxa6 bxa6 17. Qa4+ Bd7 18. Qxa6
Qxa6 19. Rxa6 $16 {Zaja,I-Galic,K/CRO-chT Makarska (08)/1994/1-0 (37)}) (8. h3
h5 9. gxh5 Nd7 10. Be2 Ndf6 11. Be5 (11. a3 Nh6 12. Be5 Bd6 13. Qb3 Bxe5 14.
dxe5 Nd7 15. Qxb7 Nxe5 16. O-O-O O-O 17. f4 Nd7 18. Nf3 Nf5 $17 {Galliamova
Ivanchuk,A-Geller,E/Aruba Tumba (05)/1992/0-1 (30)}) (11. Rh2 Bd6 12. Bxd6 Qxd6
13. Rg2 Kf8 14. Bg4 Nh6 15. Qf3 Qd7 16. Bxe6 Qxe6 17. Nge2 Qf5 18. Nf4 Qc2 19.
Qe2 Qxe2+ 20. Kxe2 Nf5 21. Rg5 $14 {Kortschnoj,V-Ivkov,B/Budva/1967/1-0 (51)})
11... Bd6 12. Rh2 Nxh5 13. Bxh5 Bxe5 14. dxe5 Qg5 15. Bg4 Bxg4 16. Rg2 Bxd1 17.
Rxg5 Bh5 18. Nge2 Bxe2 19. Kxe2 g6 20. Rh1 Ne7 $10 {Hort,V-Renet,O/Uzes
FRA-FRG (01)/1990/0.5 (29)}) 8... h5 9. gxh5 Nf6 10. h6 gxh6 (10... g6 11. Nf3
$14) 11. Qc2 Qa5 12. Nge2 Na6 13. a3 Ne4 (13... Nb4 $6 14. Qd1) 14. O-O Nxc3 (
14... f5 15. b4 Qd8 16. b5 $40) 15. Nxc3 (15. bxc3 O-O-O $13) 15... Qd8 16. Kh1
Qd7 17. Rac1 Bg5 (17... O-O-O $2 18. Nb5 $16) 18. Be5 Rg8 19. Rg1 f6 {Black is
unable to generate real counterplay, because his K is exposed in the center.}
20. Bg3 h5 21. f4 h4 $2 (21... Bh6 22. Bh4 Qf7 23. b4 $36) 22. Bf2 (22. fxg5
hxg3 23. gxf6 Bf5 24. e4 Rh8 $17) 22... Bg4 (22... Bh6 23. Bxh4 $16) 23. fxg5
h3 24. Be4 $1 {[%csl Re8] Clearly underlines the fact, that black have not
solved the basic question of finishing development.} (24. gxf6 hxg2+ 25. Rxg2
Bf3 26. Bg3 O-O-O $17) 24... dxe4 25. Qxe4+ Be6 26. gxf6 O-O-O 27. Rxg8 Bxg8
28. Bg3 Nc7 (28... Bd5 29. Nxd5 Qxd5 30. Qxd5 Rxd5 31. Rf1 $18) 29. Qf4 Na6 30.
Kg1 c5 31. Ne4 Qc6 32. f7 (32. f7 Bxf7 33. Qxf7 Qxe4 34. Rxc5+ $18) 1-0

[Event "Jakarta"]
[Site "Jakarta"]
[Date "1994.??.??"]
[Round "5"]
[White "Serper, Grigory"]
[Black "Adianto, Utut"]
[Result "1/2-1/2"]
[WhiteElo "2560"]
[BlackElo "2535"]
[Annotator "Gagarin,V"]
[PlyCount "109"]
[EventDate "1994.04.??"]
[EventType "tourn"]
[EventRounds "13"]
[EventCountry "INA"]
[EventCategory "10"]
[SourceTitle "CBM 041"]
[Source "ChessBase"]
[SourceDate "1994.08.01"]
[SourceVersion "1"]
[SourceVersionDate "1994.08.01"]
[SourceQuality "1"]

1. c4 {Ftacnik} e6 2. Nc3 d5 3. d4 c6 4. e4 dxe4 5. Nxe4 Bb4+ 6. Bd2 Qxd4 7.
Bxb4 Qxe4+ 8. Be2 Na6 (8... c5 $5) 9. Ba5 (9. Bf8 $6) (9. Bc3 Ne7 10. Bxg7 Rg8
11. Bf6 Qf4 $6 12. Bc3 $1 Rxg2 13. Nf3 f6 14. Qd2 $1 $16 {Lautier,J-Gurevich,M/
Biel(izt)/1993/1:0 (37) Inf 58/435/}) (9. Bd6 {Ftacnik}) 9... Bd7 (9... b6 $2
10. Bc3 (10. Qd6 $5) 10... Nf6 11. Qd6 $16) 10. Nf3 Nf6 11. Qd6 Qf5 (11... c5
$2 12. Rd1 b6 13. Ne5 Rd8 14. Bc3 Qa8 15. Bf3 Qb8 16. O-O Qxd6 17. Rxd6 Ke7 18.
Rfd1 Nb8 19. b4 $16 {Mikenas,V-Suetin,A/SSSR(ch)/1950/1:0 (37)/}) 12. Ne5 (12.
Bc3 {Ftacnik} Ne4) 12... b6 $5 $146 (12... Qxf2+ 13. Kxf2 Ne4+ 14. Kf3 Nxd6 15.
Rad1 Ke7 (15... f6 $146 16. Rxd6 fxe5 17. Rhd1 O-O+ (17... Rf8+ 18. Ke3 Rf7 19.
Bc3 $10) 18. Kg3 Be8 19. Rxe6 Bg6 20. Rxe5 Rae8 21. Rxe8 Rxe8 22. Bf3 $14) 16.
Rxd6 (16. Rd2 Be8 17. Rhd1 Nf5 18. Bd8+ Rxd8 19. Rxd8 f6 20. Ng4 c5 $17 {
Shamkovich/}) 16... Kxd6 17. Nxf7+ (17. Rd1+ {Ftacnik} Kxe5 18. Bc3+ Kf5 19.
Rxd7 Rhf8 20. Bd3+ Kg5 21. h4+ Kxh4 22. Bxg7 Nc5 23. Rd4+ Kg5 24. Bxh7 $13)
17... Ke7 18. Nxh8 Rxh8 19. Bc3 $10) 13. Bc3 (13. Rd1 $5 Nb8 $1 (13... Rd8 $2
14. Nxc6 Qxf2+ 15. Kxf2 Ne4+ 16. Kf3 Nxd6 17. Nxd8 $18) 14. Bb4 (14. O-O Ne4 $1
(14... bxa5 $6 15. Bf3 $40) 15. Qc7 (15. Qd4 $4 c5 $19) 15... O-O 16. Nxd7 Nxd7
17. Qxd7 Qxa5 18. Qxc6 Nf6 19. a3 Qe5 20. Rd2 Rad8 $15) (14. Bf3 $5 Ne4 (14...
bxa5 15. O-O $40) 15. Qd4 (15. Bxe4 Qxe4+ 16. Kf1 bxa5 17. Nxd7 Qxc4+ 18. Kg1
Nxd7 19. Qxd7+ Kf8 20. h4) 15... Nc5 16. Nxd7 Ncxd7 17. Bc3 (17. Bxc6 $2 Qxa5+
18. Rd2 Nxc6 19. Qxd7+ Kf8 20. Qxc6 Rd8 $19) 17... e5 18. Qd6 $10) 14... c5 15.
Bf3 Ne4 16. Bxe4 Qxe4+ 17. Kf1 cxb4 18. Nxd7 Qxc4+ 19. Kg1 Nxd7 20. Qxd7+ Kf8
21. Qd6+ Ke8 22. Qd7+ $10) 13... Qxf2+ (13... Rd8 {Ftacnik} 14. Nxc6) 14. Kxf2
Ne4+ 15. Kf3 Nxd6 16. Rad1 f6 (16... Ke7 $2 17. Rxd6 Kxd6 18. Nxf7+ Ke7 19.
Nxh8 Rxh8 20. Bxg7 $16) 17. Rxd6 fxe5 18. Rhd1 Rf8+ (18... O-O-O 19. Bxe5 Rhf8+
20. Ke3 g6 21. Bg4 $36) 19. Ke3 Rf7 20. Bxe5 $6 (20. Bf3 $5 Rc8 21. b4 $14)
20... Nc5 21. R6d4 $2 (21. Bf3 Rc8 (21... Nb7 $2 22. Rxd7 $1 Rxd7 23. Bxc6 Rad8
24. Bxg7 $18) (21... a5 22. Bxc6 $16)) 21... O-O-O 22. Rf1 (22. Bf3 Re8 (22...
a5 $2 23. Bxc6 $16) 23. b4 Na6 $14) 22... Rf5 $1 (22... Rdf8 23. Rdf4 (23. Rf3
{Ftacnik} g5 $13) 23... Rxf4 24. Rxf4 Rxf4 25. Kxf4 g6 26. Kg5 $16) 23. Bxg7
Rg8 24. Bf6 Rxg2 25. Rh4 Rg6 $1 26. Bc3 h6 27. b4 Nb7 (27... Na4 {Ftacnik} 28.
Ba1 {xNa4}) 28. Bd3 Nd6 $1 (28... Rxf1 29. Bxg6 Nd6 30. Rxh6 Nf5+ 31. Bxf5 exf5
32. Rh8+ $36) 29. Rf3 (29. Bxf5 {Ftacnik} Nxf5+ 30. Rxf5 exf5 31. Kf4 $13)
29... c5 $1 30. b5 Rxf3+ 31. Kxf3 Nf5 32. Rg4 (32. Bxf5 {Ftacnik} exf5 {xc4})
32... Be8 (32... Rxg4 33. Kxg4 Be8 $10) 33. h3 Kd7 34. Kf4 Rxg4+ 35. hxg4 Nd6
36. Bf6 (36. Bg7 {Ftacnik} Ke7 37. Bxh6 e5+ 38. Ke3 Bf7 39. Bg7 Bxc4 40. Bxc4
Nxc4+ 41. Kd3 Na3 42. Bxe5 Nxb5 43. Kc4 $10) 36... Nf7 37. Bg7 Ke7 38. Be2 (38.
Bg6 {Ftacnik} e5+ 39. Ke3 Nd6 (39... Bd7 40. Bxf7 Kxf7 41. Bxe5 Bxg4 42. Bb8
$14) 40. Bxe8 Kxe8 41. Bxh6 Nxc4+ 42. Kd3 Nd6 43. Bg7 e4+ 44. Ke3 Ke7 45. a4
$10) 38... Bd7 39. Bf3 Bc8 40. Be4 (40. Be2 $5 e5+ $5 41. Bxe5 Nxe5 42. Kxe5
Be6 $17) 40... e5+ $1 41. Kg3 Be6 42. Bd3 e4 43. Be2 Nd6 44. Kf4 Bxc4 (44...
Nxc4 {Ftacnik} 45. Bxh6 $10) 45. Bxc4 Nxc4 46. Kxe4 Nd6+ 47. Kd5 Nxb5 48. Kc6
Kf7 (48... Nd4+ $2 49. Kb7 Ne2 50. Kxa7 c4 51. Kxb6 c3 52. Bxh6) 49. Bxh6 Nc3
50. a3 c4 (50... Nb1 51. a4 Nc3 52. a5 $10) 51. Kb7 Nb5 52. a4 Nc3 53. Kxa7
Nxa4 54. Ka6 Kg6 55. Bc1 1/2-1/2

[Event "Dortmund SuperGM 24th"]
[Site "Dortmund"]
[Date "1996.07.14"]
[Round "9"]
[White "Gelfand, Boris"]
[Black "Huebner, Robert"]
[Result "1/2-1/2"]
[WhiteElo "2665"]
[BlackElo "2595"]
[Annotator "Gelfand,B"]
[PlyCount "37"]
[EventDate "1996.07.05"]
[EventType "tourn"]
[EventRounds "9"]
[EventCountry "GER"]
[EventCategory "18"]
[SourceTitle "CBM 054"]
[Source "ChessBase"]
[SourceDate "1996.10.01"]
[SourceVersion "1"]
[SourceVersionDate "1996.10.01"]
[SourceQuality "1"]

1. d4 {Ftacnik} d5 2. Nf3 c6 3. c4 dxc4 4. e3 b5 5. a4 e6 6. Nc3 Qb6 {A rare
continuation} (6... b4 {Ftacnik} 7. Nb1 (7. Na2 Ba6 (7... Ba6 8. Bd2 c3 9. bxc3
Bxf1 10. Kxf1 bxc3 11. Bxc3 Nf6 12. Qd3 Qd5 13. Nb4 Qb3 14. Nd2 {1-0 Richards,
J-Zwemstra,A/Guernsey op/1989/})) 7... Ba6 8. Ne5 Qd5 9. Qc2 Nf6 10. Nxc4 c5
11. dxc5 Bxc5 12. b3 O-O 13. Nbd2 Nbd7 14. Bb2 Rac8 15. O-O-O Be7 16. Kb1 Nc5
17. f3 Rfd8 18. e4 Qb7 19. Be2 Nfd7 {Kaspi,A-Rabinovich,Al/Tel-Aviv Cup 30' 
(01)/1996/1-0 (46)}) 7. axb5 (7. Ne5 Nd7 8. Nxd7 Bxd7 $143 $44) (7. Bd2 $5 {
was played in some games} Nf6 {Ftacnik} 8. axb5 cxb5 9. b3 a5 10. bxc4 b4 11.
c5 Qb7 12. Na4 Nbd7 13. Bd3 Qc6 14. O-O Ba6 15. Nb2 Bxd3 16. Nxd3 Be7 17. Nfe5
Qc8 18. Qb3 O-O {1-0 Galliamova,A-Kapeljus,L/Kstovo op (04)/1994/ (36)}) 7...
cxb5 8. Ne5 Bb7 (8... Nf6 {Ftacnik} 9. b3 Bb4 10. Bd2 Nd5 11. Nxd5 Bxd2+ 12.
Qxd2 exd5 13. Be2 $13) 9. b3 (9. Qh5 {Ftacnik} g6 (9... Nh6 $5) 10. Nxg6 fxg6
11. Qe5 Kf7 12. Qxh8 Nf6 13. d5 exd5 $19) 9... Nc6 $6 $146 (9... Bb4 10. Bd2
Nf6 (10... Nc6 $5) (10... Nc6 {Ftacnik} 11. bxc4 Nxe5 12. c5) 11. bxc4 bxc4 12.
Nxc4 Qd8 $14 {Marshall-Rubinstein, Bad Kissingen,1928}) 10. bxc4 Nxe5 $6 (10...
Bb4 11. Qb3 Bxc3+ 12. Qxc3 Nxe5 13. dxe5 (13. c5 Qc6 14. dxe5 Ne7 $15) 13... b4
14. c5 bxc3 15. cxb6 axb6 16. Rxa8+ Bxa8 17. Bb5+ Kd8 18. Ba3 $44) 11. c5 $1 {
A strong intermediate move . White sacrifising a piece, but they get big
advantage in development} Bxc5 {My opponent didn`t accept a sac, but White
attack is strong anyway} (11... Qd8 12. Bxb5+ (12. dxe5 {Ftacnik} Qxd1+ 13.
Nxd1 a6 14. Ba3 Rc8 $36) 12... Nc6 13. O-O (13. e4 Bxc5 $1 14. dxc5 Qxd1+ 15.
Nxd1 Nf6 $13) (13. Ra6 Bxa6 14. Bxc6+ Ke7 $13) (13. Qa4 Qc7 14. e4 a6 15. Be2
Nf6 16. d5 Bxc5 17. dxc6 $17) 13... f5 (13... Nf6 14. e4) 14. e4 $5 fxe4 15.
Qh5+ g6 (15... Kd7 16. d5) 16. Qe5 $40) 12. dxc5 Qxc5 13. Nxb5 (13. Qd4 {
Ftacnik} Qxd4 14. exd4 Nc6 15. Nxb5 Kd7 $15) 13... Rd8 (13... Qb4+ 14. Bd2 Qe7
15. Bc3 $14) 14. Ba3 $2 {Leads only to a draw. Much stronger was} (14. Qa4 Bc6
(14... Nc6 15. Ba3 (15. Bb2 {Ftacnik} Nf6 16. Nxa7 O-O $15) 15... Qe5 16. Rb1
$1 (16. Rd1 Rxd1+ 17. Qxd1 Nge7 18. Nd6+ (18. Bd6 Qb2) 18... Kf8 19. Qc1 Qa5+
$5) 16... Nge7 17. Nd6+ (17. Bd6 Qf6) 17... Rxd6 18. Bxd6 Qc3+ 19. Kd1 O-O 20.
Bxe7 Nxe7 21. Rxb7 Nd5 (21... Rd8+ 22. Rd7) 22. Rb3 $16) 15. Ba3 Qb6 16. Qb4
Bxg2 $1 17. Qf8+ Kd7 18. O-O-O+ (18. Rd1+ Bd5 $13) 18... Bd5 19. Qxg7 Rc8+ 20.
Kb1 Nc4 (20... Qc6 21. Rc1 Be4+ 22. Ka1 Qxc1+ 23. Bxc1 Rxc1+ 24. Kb2 $18) (
20... Ng6 21. e4 Qxf2 22. Qb2 $18) 21. Qxf7+ Kc6 22. Bxc4 $18) 14... Rxd1+ 15.
Rxd1 Qc2 $1 $8 (15... Qc6 16. Nd6+ Kd8 (16... Ke7 17. Ne4+ Ke8 18. Bb5 $18) 17.
Nxb7+ (17. Nxf7+ {Ftacnik} Ke8 18. Nd6+ Ke7 $15) 17... Kc7 (17... Kc8 18. Nd6+
Kb8 19. Rb1+ Ka8 20. Rc1 $18) 18. Bd6+ Kxb7 19. Rb1+ Kc8 20. Bxe5 $18) 16. Nd6+
Ke7 $1 (16... Kd7 {Ftacnik} 17. Nxb7+ Kc7 18. Rc1 Qxc1+ 19. Bxc1 Kxb7 20. Bb2
f6 21. Bxe5 fxe5 22. Bc4) 17. Nc4+ Ke8 (17... Kf6 18. Bb2 Qb3 19. Bxe5+ Kg6 20.
Bd3+ f5 21. Bd4 $16) 18. Nd6+ Ke7 19. Ne4+ (19. Nxb7+ Kf6) (19. Ne4+ Ke8 20.
Bb5+ Bc6) 1/2-1/2